000 01232cam a2200337 i 4500
001 18666515
003 OSt
005 20230930145631.0
008 150619s2017 mau b 001 0 eng
010 _a 2015023479
020 _a9789384323219
020 _a9781284077247 (casebound)
040 _aDLC
_beng
_cDLC
_erda
_dDLC
042 _apcc
050 0 0 _aQA267.3
_b.L56 2017
082 0 0 _a005.131
_bLIN/I
100 _aLinz, Peter
_93955
245 1 3 _aAn introduction to formal languages and automata /
_cPeter Linz, PhD, University of California at Davis.
250 _aSixth edition.
264 1 _aBurlington, MA :
_bJones & Bartlett Learning,
_c[2017]
300 _axiii, 449 pages ;
_c25 cm
336 _atext
_btxt
_2rdacontent
337 _aunmediated
_bn
_2rdamedia
338 _avolume
_bnc
_2rdacarrier
504 _aIncludes bibliographical references and index.
650 0 _aFormal languages.
650 0 _aMachine theory.
906 _a7
_bcbc
_corignew
_d1
_eecip
_f20
_gy-gencatlg
942 _2ddc
_cBK
_h005.131
_iLIN/I
_k005.131
_mLIN/I
999 _c42352
_d42352